000 00551nam a2200205Ia 4500
005 20250326144531.0
008 250326s9999 xx 000 0 und d
020 _a0-7619-3277-1
037 _aTextbook
040 _aFMSL
_beng
_cFMSL
041 _aeng
_2eng
084 _a(G:55) P4
_qFMSL
100 _aChhokar K B
_9749839
245 0 _aUnderstanding environment
_cChhokar K B And Others
260 _aNew Delhi
_bNew Delhi, Sage
_c2004
300 _a331p
365 _b325
942 _cTB
_h(G:55) P4
999 _c1304074
_d1304074